000 00553nam a22001817a 4500
999 _c17277
_d17277
003 AR-CdUCM
008 190507b ||||| |||| 00| 0 spa d
040 _aMUNICIPALIDAD PROVINCIAL DEL CUSCO
_cBIBLIOTECA MUNICIPAL DEL CUSCO
082 _a868.61 /
_bAZ98
_22 ed.
100 _aAzorín.
_9580
245 _aLos valores literarios /
260 _aBuenos Aires :
_bLosada,
_c1957.
300 _a221 páginas ;
_c19 cm.
505 _aContenido :Los valores literarios ...
650 _aLiteratura.
_983
942 _2ddc
_cLIBROS
945 _arum
_d2019-05-07